MARC

LEADER 00000nas a2200000 a 4500
001 ssj0005119
003 WaSeSS
005 20200512172242.0
006 m d
007 cr n
008 870511c19879999vaubr p s f0 a0eng c
010 |a  87644350   |z sn 87047999  
022 |l 0041-1639  |y 0041-1639 
032 |a 376990  |b USPS 
035 |a (WaSeSS)ssj0005119 
037 |b Public Affairs Office, Military Traffic Management Command Headquarters, 5611 Columbia Pike, Falls Church, VA 22041-5050 
040 |a AFQ  |b eng  |c AFQ  |d GPO  |d DLC  |d GPO  |d NST  |d GPO  |d NSD  |d GPO  |d EBZ  |d GPO  |d IUL  |d GPO  |d OCL  |d GPO  |d DLC  |d OCLCQ  |d MTG  |d OCLCQ  |d GPO  |d DLC  |d OCLCQ  |d OCLCF  |d GILDS  |d OCLCO  |d WaSeSS 
042 |a pcc  |a nsdp 
043 |a n-us--- 
050 0 0 |a UC273  |b .T73 
074 |a 0329-B 
082 0 0 |a 355.8/3  |2 19 
086 0 |a D 101.66/2-2: 
130 0 |a Translog (Falls Church, Va. : 1987) 
210 0 |a Translog  |b (Wash. D.C.) 
222 0 |a Translog  |b (Washington, D.C.) 
245 1 0 |a Translog  |h [electronic resource] :  |b Defense transportation system bulletin. 
246 1 |i Issues for fall 1997-199 have cover title:  |a New translog 
246 1 3 |a Defense transportation system bulletin 
246 1 3 |a Defense transportation bulletin 
260 |a [Washington, D.C. :  |b Military Traffic Management Command,  |c 1987]- 
310 |a 3 times a year,  |b <2009-> 
321 |a Frequency varies 
362 0 |a Vol. 1, no. 1 (Apr. 1987)- 
500 |a Format not distributed to depository libraries after <Sept./Oct. 2000> 
500 |a Some v. distributed to depository libraries in microfiche. 
500 |a Title from cover. 
500 |a Subtitle varies. 
500 |a Published: Falls Church, Va., <June 1987->; Alexandria, Va., <winter 2004-> 
506 |a License restrictions may limit access. 
515 |a Vol. 6, no. 1 (1st quarter 1992) incorrectly numbered v. 7, no. 1. 
515 |a Some issues for 1995- have seasonal chronological designation (e.g. v. 9, no. 2 also called summer 1995); issues for 1997 lack numeric designation. 
550 |a Issued by: the Public Affairs Office, Military Traffic Management Command Headquarters, <fall 1997->; by the Office of Command Affairs, Military Surface Deployment and Distribution Command, <winter 2004-> 
588 |a Latest issue consulted: Spring 2004. 
610 1 0 |a United States.  |b Military Traffic Management Command  |v Periodicals. 
610 1 7 |a United States.  |b Military Traffic Management Command.  |2 fast  |0 (OCoLC)fst00552342 
650 0 |a Transportation, Military  |v Periodicals. 
650 7 |a Armed Forces  |x Transportation.  |2 fast  |0 (OCoLC)fst01351915 
650 7 |a Transportation, Military.  |2 fast  |0 (OCoLC)fst01155397 
651 0 |a United States  |x Armed Forces  |x Transportation  |v Periodicals. 
651 7 |a United States.  |2 fast  |0 (OCoLC)fst01204155 
655 0 |a Electronic journals. 
710 1 |a United States.  |b Military Traffic Management Command. 
710 1 |a United States.  |b Military Traffic Management Command.  |b Public Affairs Office. 
710 1 |a United States.  |b Military Surface Deployment and Distribution Command.  |b Office of Command Affairs. 
776 1 |c Microfiche  |d Supt. of Docs., U.S.G.P.O.  |w (DLC) 2003230934  |w (OCoLC)53813747 
780 0 0 |t Translog  |x 0041-1639  |w (DLC) 73239049  |w (OCoLC)1348812 
850 |a DLC  |a InLP  |a InU  |a ViBlbV 
856 4 0 |z Full text available from Research Library: 03/01/2001 to Fall 2010  |u https://search.proquest.com/publication/34446